1578 1157 1018 1997 1746 1631 1719 1148 1521 1224 1139 1420 1369 1865 1231 1749 1044 1858 1986 1979 2000 1647 1037 1262 1833 1849 1683 1596 1886 1029 1965 1926 1685 1072 1638 1403 1661 1355 1845 1257 1104 1649 1375 1840 1706 1377 1649 1679 1086 1005 1803 1361 1457 1161 1333 1979 1524 1224 1872 1159 1934 1247 1839 1917 1678 1649 1329 1943 1725 1088 1522 1495 1695 1945 1783 1144 1639 1299 1318 1402 1136 1477 1059 1252 1523 1843 1408 1090 1056 1669 1138 1556 1204 1255 1070 1519 1708 1673 1415 BCNSPRNW ULIB Ver.6.0+V

เปลี่ยนเป็นภาษาไทย

Change to English
 แสดงรายละเอียดบรรณานุกรม
  กลับหน้าหลัก

Brief Record : Get Marc (ISO 2709) : E-mail record : QR code < ปิดหน้าต่าง
LEADER : 00000nam 2200000uu 4500
001    13399124588
003     ULIB
008    151014s2558||||th 000 0 tha d
020    ^a9786167388779
060  4 ^aQV4^bน695ต
100 0  ^aนิสามณี สัตยาบัน
245 00 ^aตำราเรียนลัดเภสัชวิทยา=^bFast track in pharmacology /^cบรรณาธิการ,นิสามณี สัตยาบัน...[และคนอื่นๆ]
250    ^aพิมพ์ครั้งที่ 1
260    ^aกรุงเทพฯ :^bโครงการตำราวิทยาลัยแพทยศาสตร์พระมงกุฎเกล้า,^c2558.
300    ^a278 หน้า :^bภาพประกอบ ;^c26 ซม.
650  4 ^aPharmacology
700 0  ^aสุภัททา เต็มบุญเกียรติ,^eบรรณาธิการ
700 0  ^aเจนยุทธ ไชยสกกุล,^eบรรณาธิการ
700 0  ^aจีรานุช ตันคณิตเลิศ,^eบรรณาธิการ
700 0  ^aศราวุธ จินดารัตน์,^eบรรณาธิการ
700 0  ^aอนุพงษ์ กันธิวงศ์,^eบรรณาธิการ
710 2  ^aโครงการตำราวิทยาลัยแพทศาสตร์พระมงกฎเกล้า
945    ^p380^l0^i23231
945    ^p380^l0^i23232
945    ^p380^l0^i23233
945    ^p380^l0^i23234
945    ^p380^l0^i23235
945    ^p380^l0^i23236
945    ^p380^l0^i23237
999    ^aทศพร
รายการนี้ยังไม่มีแท็ก
คุณยังไม่ได้ล็อกอิน คุณสามารถมีกิจกรรมร่วมกับเว็บไซต์ได้ แต่ต้องล็อกอินก่อน ::
  ล็อกอิน

รายการสื่อสารสนเทศ

ลำดับที่ ประเภท เลขเรียก/บาร์โค้ด สถานที่ สถานะ
1. วิทยาศาสตร์การแพทย์ และสุขภาพ
วิทยาศาสตร์การแพทย์ และสุขภาพ
สถานะ=หนังสือเก่า
QV4 น695ต ฉ.1 
  Barcode: 23231
ห้องสมุดวิทยาเขตนครสวรรค์
►ส่วนจัดเก็บหนังสือเก่า นว.
บนชั้น
  ขอยืม
2. วิทยาศาสตร์การแพทย์ และสุขภาพ
วิทยาศาสตร์การแพทย์ และสุขภาพ
สถานะ=หนังสือเก่า
QV4 น695ต ฉ.2 
  Barcode: 23232
ห้องสมุดวิทยาเขตนครสวรรค์
►ส่วนจัดเก็บหนังสือเก่า นว.
บนชั้น
  ขอยืม
3. วิทยาศาสตร์การแพทย์ และสุขภาพ
วิทยาศาสตร์การแพทย์ และสุขภาพ
สถานะ=หนังสือเก่า
QV4 น695ต ฉ.3 
  Barcode: 23233
ห้องสมุดวิทยาเขตนครสวรรค์
►ส่วนจัดเก็บหนังสือเก่า นว.
บนชั้น
  ขอยืม
4. วิทยาศาสตร์การแพทย์ และสุขภาพ
วิทยาศาสตร์การแพทย์ และสุขภาพ
สถานะ=หนังสือเก่า
QV4 น695ต ฉ.4 
  Barcode: 23234
ห้องสมุดวิทยาเขตนครสวรรค์
►ส่วนจัดเก็บหนังสือเก่า นว.
บนชั้น
  ขอยืม
5. วิทยาศาสตร์การแพทย์ และสุขภาพ
วิทยาศาสตร์การแพทย์ และสุขภาพ
สถานะ=หนังสือเก่า
QV4 น695ต ฉ.5 
  Barcode: 23235
ห้องสมุดวิทยาเขตนครสวรรค์
►ส่วนจัดเก็บหนังสือเก่า นว.
บนชั้น
  ขอยืม
6. วิทยาศาสตร์การแพทย์ และสุขภาพ
วิทยาศาสตร์การแพทย์ และสุขภาพ
สถานะ=หนังสือเก่า
QV4 น695ต ฉ.6 
  Barcode: 23236
ห้องสมุดวิทยาเขตนครสวรรค์
►ส่วนจัดเก็บหนังสือเก่า นว.
บนชั้น
  ขอยืม
7. วิทยาศาสตร์การแพทย์ และสุขภาพ
วิทยาศาสตร์การแพทย์ และสุขภาพ
สถานะ=หนังสือเก่า
QV4 น695ต ฉ.7 
  Barcode: 23237
ห้องสมุดวิทยาเขตนครสวรรค์
►ส่วนจัดเก็บหนังสือเก่า นว.
บนชั้น
  ขอยืม

รายการใกล้เคียง
    ผู้แต่ง [นิสามณี สัตยาบัน]

    หัวเรื่อง [Pharmacology]

BibComment


ยังไม่เคยถูกคอมเมนท์

คอมเมนท์ทรัพยากรรายการนี้
  คอมเมนท์: ตำราเรียนลัดเภสั..


 Copyright 2026. Bcnsprnw @Library